Movies by emojis #1 - Statistics

General Stats
  • This quiz has been taken 1,378 times
  • The average score is 6 of 13
Answer Stats
Hint Answer % Correct
๐ŸŽˆ๐Ÿ ๐Ÿง“๐Ÿป๐Ÿง’ Up
88%
๐ŸฆŠ๐Ÿฐ๐Ÿ‘ฎ๐Ÿ‘ฎโ€โ™‚๏ธ Zootopia
84%
โ„๏ธโ›„๐Ÿ‘ญ๐Ÿ‘ธ๐ŸฆŒ Frozen
81%
๐Ÿฅท๐Ÿผ Kung fu panda
74%
๐Ÿจ-๐Ÿ˜๐Ÿฆ๐Ÿ–๐Ÿฆ”-๐ŸŽต๐ŸŽถ๐ŸŽน๐ŸŽค๐ŸŽธ๐Ÿ’ƒ๐Ÿ•บ Sing
66%
โ˜๏ธ๐Ÿ Cloudy with a chance of meatballs
56%
๐Ÿป๐Ÿ‡ต๐Ÿ‡ช Paddington
38%
๐Ÿคท๐Ÿš‚๐Ÿฒ๐Ÿ‰ How to train your dragon
26%
โ„๐Ÿง‘โ€๐ŸŽ„๐Ÿฐ๐Ÿงšโ€โ™€๐Ÿง Rise of the guardians
24%
๐Ÿป๐Ÿ”ด Turning red
20%
๐ŸŽธโ˜ ๏ธ๐ŸŽถ Coco
19%
๐Ÿ•ฏ๏ธ ๐Ÿ ๐Ÿง‘โ€๐Ÿคโ€๐Ÿง‘๐Ÿ‘ญ Encanto
13%
๐ŸŸข๐ŸŸฆ๐Ÿซ๐Ÿ’ผ Monsters inc
10%
No matching quizzes found
Score Distribution
Percent of People with Each Score
Percentile by Number Answered
Your Score History
You have not taken this quiz